000 00267nam a2200109Ia 4500
008 220204s9999 xx 000 0 und d
082 _a82-3
_bBLY
100 _aBlyton, Enid
245 4 _aThe Mystery of the hidden house
260 _aLonon
_bGranada
_c1982
942 _cBK
999 _c37657
_d37657